=LDR 00000nam 2200000 4500 =001 INLIS000000000024210 =005 20130612122818 =008 ***********************************Ind** =035 ##$$0010-061300000024210 =041 ##$$a Ind =082 ##$$a 006.78 =090 ##$$a 006.78, Cha u =100 ##$$a Chandra, Ian =245 ##$$a Kamera digital, Ian Chandra =260 ##$$a 2005 $b Jakarta =300 ##$$a 562 hlm, ilus, 21 cm =650 ##$$a Multimedia =850 ##$$a NBPNMAT